00585 2200193 4500001002100000005001700021008004100038035002400079082001100103090002000114100001200134245006600146260006800212300004000280500001600320504002800336650000900364990001800373YOGYA-0413000000010420130425083943.0 ind  0010-041300000000103 a633.18 aSK 633.18 Zar T aZARQONI aTinjauan penerapan indeks pertanaman padi-300/coleh Zarqoni. aYogyakarta :bFakultas Pertanian Universitas Gadjah Mada,c2000 avi, 95 lbr. :bilus., lamp. ; 29 cm aSkripsi UGM aBibliografi : lbr.53-54 aPadi a44748-PD/A.12